00418nam a2200181Ia 4500008004000000082001600040100001600056245004300072250000500115260004100120300001200161650000900173650001300182650000800195650001100203650000800214650001400222210210b1999 xxu||||| |||| 00| 0 eng d a657.46 RAMI aRAMAN (B S) aIncome tax: law and practice 1999-2000 a aMangalore.bUnited Publishers,c1999 aiv,1554 atax: apractice alaw aIncome aand a1999-2000